[Event "Winnipeg TNT 2020.01"]
[Site "Winnipeg CAN"]
[Date "2020.01.28"]
[Round "4.5"]
[White "Letain, Cory"]
[Black "Allan, Gregory"]
[Result "1-0"]
[WhiteElo "1830"]
[BlackElo "1657"]
[PlyCount "67"]
[EventDate "2020.01.07"]
[EventType "swiss"]
[EventRounds "4"]
[EventCountry "CAN"]

1. e4 c6 2. Bc4 d5 3. Bb3 e5 4. Nf3 Bg4 5. O-O Nf6 6. exd5 Nxd5 7. Re1 Bd6 8.
Nxe5 Bxd1 9. Nxc6+ Kd7 10. Nxd8 Bxc2 11. Bxd5 Nc6 12. Nxb7 Nb4 13. Nc3 Bc7 14.
Nc5+ Kd6 15. Bxa8 Kxc5 16. d4+ Kc4 17. a3 Rxa8 18. axb4 Kd3 19. Re3+ Kc4 20.
Ra6 Bb6 21. Ne2 Kb5 22. Rxb6+ axb6 23. f3 Kc4 24. Rc3+ Kxb4 25. Rxc2 Re8 26.
Kf2 Kb3 27. Rc3+ Ka2 28. Ra3+ Kb1 29. Ke1 Rc8 30. Kd1 Rxc1+ 31. Nxc1 Kxb2 32.
Rb3+ Ka1 33. Kc2 b5 34. Rb1# 1-0

[Event "Winnipeg TNT 2020.01"]
[Site "Winnipeg CAN"]
[Date "2020.01.28"]
[Round "4.6"]
[White "Furda, Ievgeniia-Diana"]
[Black "Einarsson, Ken"]
[Result "0-1"]
[WhiteElo "1630"]
[BlackElo "1788"]
[PlyCount "66"]
[EventDate "2020.01.07"]
[EventType "swiss"]
[EventRounds "4"]
[EventCountry "CAN"]

1. e4 c6 2. d4 d5 3. Nc3 dxe4 4. Nxe4 Bf5 5. Ng3 Bg6 6. Nf3 h6 7. h4 e6 8. h5
Bh7 9. Bd3 Bxd3 10. Qxd3 Nf6 11. Bf4 c5 12. O-O-O Nc6 13. Qb5 Qb6 14. Qc4 Rc8
15. dxc5 Bxc5 16. Ne4 Nxe4 17. Qxe4 O-O 18. Ne5 Nxe5 19. Bxe5 Bxf2 20. Qg4 Qe3+
21. Kb1 Qxe5 22. Qf3 Bg3 23. Rd3 Bf4 24. Rhd1 Bg5 25. a3 Bf6 26. Rb3 Qc5 27.
Qe2 b6 28. Rf1 Qe5 29. Qxe5 Bxe5 30. Re1 Bf6 31. Rd1 Rfd8 32. Rxd8+ Rxd8 33.
Ka2 Rd2 0-1

[Event "Winnipeg TNT 2020.01"]
[Site "Winnipeg CAN"]
[Date "2020.01.28"]
[Round "4.9"]
[White "Tiqui, Wilfredo"]
[Black "Gregoryanz, Philipp"]
[Result "1-0"]
[WhiteElo "1362"]
[BlackElo "1487"]
[Annotator "wspe"]
[PlyCount "56"]
[EventDate "2020.01.07"]
[EventType "swiss"]
[EventRounds "4"]
[EventCountry "CAN"]

1. e4 e5 2. Bc4 Nf6 3. d4 Nxe4 4. dxe5 Nxf2 5. Qf3 Qe7 6. Qxf2 d5 7. Bb5+ Bd7
8. Bd3 Nc6 9. Nf3 O-O-O 10. O-O Kb8 11. Re1 Qb4 12. a3 Qa5 13. Be3 d4 14. Bxd4
Nxd4 15. Nxd4 Bc5 16. c3 Bb5 17. b4 Bxd4 18. cxd4 Qb6 19. Bxb5 Qxb5 20. Nd2 Rd7
21. Nf3 Rhd8 22. Red1 Qd5 23. a4 g5 24. Nxg5 h6 25. Nf3 Rg8 26. Qe2 Rdd8 27. b5
Rg6 28. Ra2 Rg4 {game went on for approximately 66 moves} 1-0

[Event "Winnipeg TNT 2020.02"]
[Site "Winnipeg CAN"]
[Date "2020.02.04"]
[Round "1.1"]
[White "Baron, Gustav"]
[Black "Ott, Richard"]
[Result "1-0"]
[WhiteElo "2123"]
[BlackElo "1500"]
[Annotator "wspe"]
[PlyCount "57"]
[EventDate "2020.02.04"]
[EventType "swiss"]
[EventRounds "4"]
[EventCountry "CAN"]

1. e4 d5 2. exd5 Qxd5 3. Nc3 Qd6 4. Bc4 Nf6 5. Nf3 a6 6. a4 g6 7. h3 Bg7 8. O-O
O-O 9. b3 Nc6 10. Ba3 Qd8 11. Re1 Nh5 12. Qe2 e6 13. Bxf8 Bxf8 14. Rad1 Nd4 15.
Nxd4 Qxd4 16. Qe4 Qf6 17. Qe5 Qh4 18. Qxc7 Nf4 19. Re4 Bh6 20. Bf1 e5 21. g3
Nxh3+ 22. Bxh3 Qxh3 23. Rh4 Qf5 24. Rxh6 Bd7 25. Nd5 Kg7 26. Nb6 Bc6 27. Rh2
Qxc2 28. Re1 Re8 29. Nc4 1-0

[Event "Winnipeg TNT 2020.02"]
[Site "Winnipeg CAN"]
[Date "2020.02.04"]
[Round "1.2"]
[White "Gannon, Keith"]
[Black "Babb, Jeff"]
[Result "0-1"]
[WhiteElo "1460"]
[BlackElo "2127"]
[PlyCount "148"]
[EventDate "2020.02.04"]
[EventType "swiss"]
[EventRounds "4"]
[EventCountry "CAN"]

1. d4 Nf6 2. c4 e5 3. dxe5 Ng4 4. e6 fxe6 5. Nf3 Bc5 6. e3 O-O 7. h3 Nf6 8. Nc3
Nc6 9. a3 a5 10. Na4 Be7 11. c5 Qe8 12. Bb5 Qh5 13. Bxc6 bxc6 14. b4 axb4 15.
axb4 Ba6 16. Nc3 Bc4 17. Rxa8 Rxa8 18. Bb2 Bd5 19. O-O Bxf3 20. Qxf3 Qxf3 21.
gxf3 Rb8 22. Ba3 Nd5 23. Nxd5 cxd5 24. Rd1 c6 25. f4 Kf7 26. Kg2 Bf6 27. Rd3
Ke7 28. Kf3 Kd8 29. Ke2 Kc7 30. Rb3 Be7 31. Rd3 Bf6 32. Kd2 Kb7 33. Kc2 Kc8 34.
Rb3 Kd8 35. Bb2 Ke7 36. Bc3 Kf7 37. Ra3 Rb7 38. Ra8 Kg6 39. Bxf6 Kxf6 40. Kc3
g5 41. fxg5+ Kxg5 42. Rh8 h5 43. Rg8+ Kh4 44. Rg3 e5 45. Kb3 d6 46. cxd6 c5 47.
Rg6 Rxb4+ 48. Ka3 Rb7 49. Re6 Rd7 50. f4 exf4 51. exf4 Kxh3 52. f5 Kg4 53. f6
Kf5 54. Re7 Rxd6 55. f7 Rf6 56. Kb3 Kg6 57. Re5 Rf3+ 58. Kc2 Rxf7 59. Rxd5 Rf5
60. Rd6+ Kg5 61. Rd1 Re5 62. Rg1+ Kf4 63. Rf1+ Kg3 64. Kd3 h4 65. Rg1+ Kf2 66.
Rh1 Rh5 67. Rh2+ Kg3 68. Rh1 Kg2 69. Rc1 h3 70. Rc2+ Kg3 71. Ke2 h2 72. Rc3+
Kg2 73. Rc1 h1=Q 74. Rxh1 Rxh1 0-1

[Event "Winnipeg TNT 2020.02"]
[Site "Winnipeg CAN"]
[Date "2020.02.04"]
[Round "1.3"]
[White "Abioye, Yemi"]
[Black "Gregoryanz, Philipp"]
[Result "1-0"]
[WhiteElo "2070"]
[BlackElo "1475"]
[Annotator "wspe"]
[PlyCount "43"]
[EventDate "2020.02.04"]
[EventType "swiss"]
[EventRounds "4"]
[EventCountry "CAN"]

1. e4 e5 2. Nf3 Nc6 3. Bc4 Qf6 4. Nc3 Bc5 5. Nd5 Qd6 6. Ng5 Nh6 7. Qh5 Nd8 8.
Nf3 c6 9. Nc3 Bxf2+ 10. Kxf2 Qc5+ 11. d4 Qxc4 12. Bxh6 gxh6 13. Qxe5+ Ne6 14.
Qxh8+ Nf8 15. Qe5+ Ne6 16. Rhf1 d5 17. exd5 cxd5 18. Nxd5 Qxc2+ 19. Kg1 Kd8 20.
Qd6+ Bd7 21. Ne5 Nf8 22. Qe7+ 1-0

[Event "Winnipeg TNT 2020.02"]
[Site "Winnipeg CAN"]
[Date "2020.02.04"]
[Round "1.4"]
[White "Magyar, Peter"]
[Black "Orogun, Ibukun"]
[Result "0-1"]
[WhiteElo "1455"]
[BlackElo "1835"]
[PlyCount "74"]
[EventDate "2020.02.04"]
[EventType "swiss"]
[EventRounds "4"]
[EventCountry "CAN"]

1. d4 d5 2. Bf4 Nf6 3. e3 Bf5 4. Be2 e6 5. Nd2 Bd6 6. Bg3 c6 7. c3 Bxg3 8. hxg3
h6 9. Ngf3 Nbd7 10. a3 Qb6 11. b4 Rc8 12. a4 Qc7 13. O-O O-O 14. Ne5 Nxe5 15.
dxe5 Qxe5 16. Rc1 Rfd8 17. Nf3 Qd6 18. Qd4 a6 19. Ne5 Ne4 20. Bh5 Rc7 21. Bg4
Bh7 22. Rfd1 c5 23. bxc5 Nxc5 24. Qf4 Nb3 25. Bh5 f6 26. Nd3 Bxd3 27. Rxd3 Nxc1
28. Rd1 Qxf4 29. gxf4 Rxc3 30. Bf3 Nb3 31. Kh2 Nc5 32. a5 Nb3 33. Bg4 Kf7 34.
f5 e5 35. Bh5+ Ke7 36. Rb1 Rd6 37. Bd1 Nxa5 0-1

[Event "Winnipeg TNT 2020.02"]
[Site "Winnipeg CAN"]
[Date "2020.02.04"]
[Round "1.5"]
[White "Furda, Ievgeniia-Diana"]
[Black "Tiqui, Wilfredo"]
[Result "1-0"]
[WhiteElo "1625"]
[BlackElo "1461"]
[PlyCount "167"]
[EventDate "2020.02.04"]
[EventType "swiss"]
[EventRounds "4"]
[EventCountry "CAN"]

1. e4 e5 2. Nf3 Nc6 3. d4 exd4 4. Nxd4 Nxd4 5. Qxd4 d6 6. Bc4 Be6 7. Nc3 a6 8.
Bf4 h6 9. O-O-O b5 10. Bd5 Bxd5 11. Nxd5 Nf6 12. Rhe1 Be7 13. Qc3 Rc8 14. Nxe7
Qxe7 15. Bxd6 Qe6 16. Bc5 Rd8 17. Rxd8+ Kxd8 18. Rd1+ Kc8 19. Bd6 Qc4 20. Qxc4
bxc4 21. Be5 Nxe4 22. f3 Nd6 23. Bxd6 cxd6 24. Rxd6 Kb7 25. Rd7+ Kb6 26. Rxf7
Rg8 27. Kd2 Kb5 28. Kc3 g5 29. Rc7 Re8 30. Rxc4 Re2 31. Rg4 Kc5 32. Kd3 Re5 33.
Re4 Rd5+ 34. Kc3 h5 35. Rc4+ Kb5 36. Rd4 Rc5+ 37. Kb3 a5 38. a4+ Kb6 39. Rd6+
Kc7 40. Rh6 h4 41. g3 hxg3 42. hxg3 Rf5 43. f4 gxf4 44. gxf4 Rxf4 45. Ra6 Rf5
46. Ra7+ Kb6 47. Rd7 Kc5 48. Rd3 Re5 49. Rc3+ Kb6 50. Rd3 Kc5 51. Ka3 Re2 52.
c3 Re1 53. Ka2 Kc4 54. Rd4+ Kc5 55. Rf4 Re5 56. b4+ axb4 57. cxb4+ Kb6 58. Rf6+
Ka7 59. Kb3 Re7 60. Kc4 Rc7+ 61. Kb5 Rb7+ 62. Ka5 Rc7 63. b5 Re7 64. Ra6+ Kb7
65. Rd6 Kc7 66. Rc6+ Kb7 67. Rf6 Ka7 68. b6+ Kb7 69. Kb5 Re5+ 70. Kb4 Ka6 71.
Rg6 Re7 72. a5 Re4+ 73. Kc5 Kxa5 74. Rg7 Re5+ 75. Kd6 Rb5 76. b7 Rb6+ 77. Kc7
Ka6 78. Kc8 Rc6+ 79. Rc7 Rf6 80. Kb8 Rf8+ 81. Rc8 Rf7 82. Rc6+ Kb5 83. Ka8 Rf8+
84. Rc8 1-0

[Event "Winnipeg TNT 2020.02"]
[Site "Winnipeg CAN"]
[Date "2020.02.04"]
[Round "1.6"]
[White "Aza-Farje, Marcelo"]
[Black "Eckert, Ethan"]
[Result "0-1"]
[WhiteElo "1544"]
[BlackElo "1777"]
[PlyCount "107"]
[EventDate "2020.02.04"]
[EventType "swiss"]
[EventRounds "4"]
[EventCountry "CAN"]

1. e4 e6 2. d4 d5 3. Nc3 Nf6 4. e5 Nfd7 5. f4 c5 6. Nf3 Nc6 7. Be3 Be7 8. Qd2
O-O 9. Be2 a6 10. O-O b5 11. Bd1 c4 12. Ne2 f6 13. Ng3 Nb6 14. c3 f5 15. Ng5 h6
16. Nh3 Bd7 17. Rf3 Be8 18. Be2 a5 19. b3 Rb8 20. Rff1 b4 21. bxc4 Nxc4 22.
Bxc4 dxc4 23. Rab1 bxc3 24. Qxc3 Rxb1 25. Rxb1 Qd5 26. Rc1 Nb4 27. Qxc4 Qxc4
28. Rxc4 Nxa2 29. Bd2 Nb4 30. Rc7 Nd5 31. Ra7 Bb4 32. Nf1 Bb5 33. Bxb4 axb4 34.
Nd2 Rb8 35. Nb3 Bc4 36. Na5 Bd3 37. Nb3 Bc2 38. Nd2 b3 39. Ra6 Rb6 40. Ra8+ Kh7
41. Rc8 Be4 42. Nf2 b2 43. Nfxe4 b1=Q+ 44. Nxb1 Rxb1+ 45. Kf2 fxe4 46. Rc2 e3+
47. Kf3 Rf1+ 48. Ke2 Rf2+ 49. Kd3 Nb4+ 50. Kxe3 Rxc2 51. g4 g6 52. h4 Nd5+ 53.
Ke4 Rh2 54. f5 0-1

[Event "Winnipeg TNT 2020.02"]
[Site "Winnipeg CAN"]
[Date "2020.02.04"]
[Round "1.7"]
[White "Melnyk, Jim"]
[Black "Wijeweera, Gavin"]
[Result "1-0"]
[WhiteElo "1682"]
[BlackElo "1359"]
[Annotator "wspe"]
[PlyCount "71"]
[EventDate "2020.02.04"]
[EventType "swiss"]
[EventRounds "4"]
[EventCountry "CAN"]

1. e4 c5 2. d3 Nc6 3. Nf3 g6 4. Nbd2 Bg7 5. g3 d6 6. Bg2 Nf6 7. O-O Be6 8. h3
Qd7 9. Kh2 O-O-O 10. Ng5 h5 11. Nxe6 Qxe6 12. Nf3 Ng4+ 13. Kg1 Nge5 14. c3
Nxf3+ 15. Qxf3 Ne5 16. Qe2 h4 17. g4 f5 18. f4 Nxg4 19. hxg4 fxg4 20. f5 gxf5
21. Rxf5 h3 22. Qxg4 hxg2 23. Qxg2 Bf6 24. Qf3 Rdg8+ 25. Kf1 Rh7 26. Be3 Rh2
27. b4 Bxc3 28. bxc5 Bxa1 29. cxd6 Qxd6 30. Rc5+ Qxc5 31. Bxc5 Kd7 32. Qf5+ Ke8
33. Qc8+ Kf7 34. Qxb7 Rxa2 35. Qxe7+ Kg6 36. Qe6+ 1-0

[Event "Winnipeg TNT 2020.02"]
[Site "Winnipeg CAN"]
[Date "2020.02.04"]
[Round "1.8"]
[White "March, Bob"]
[Black "Piche, Zachary"]
[Result "0-1"]
[WhiteElo "1204"]
[BlackElo "1559"]
[PlyCount "76"]
[EventDate "2020.02.04"]
[EventType "swiss"]
[EventRounds "4"]
[EventCountry "CAN"]

1. c4 Nf6 2. Nc3 e6 3. g3 b6 4. Bg2 Nc6 5. e4 Rb8 6. Nf3 Bb7 7. d3 Bb4 8. O-O
O-O 9. Bd2 d5 10. cxd5 exd5 11. e5 Ng4 12. d4 f6 13. h3 Nh6 14. Bxh6 gxh6 15.
Qb3 Bxc3 16. bxc3 fxe5 17. dxe5 Bc8 18. Rad1 Be6 19. Nd4 Nxd4 20. Rxd4 c6 21.
Qa4 Qc7 22. f4 Bd7 23. Qd1 Be8 24. Qg4+ Qg7 25. Qxg7+ Kxg7 26. f5 Bd7 27. e6
Bc8 28. Rdf4 Rf6 29. Re1 Kh8 30. g4 Bb7 31. Rf2 Rg8 32. Rfe2 h5 33. e7 Re8 34.
gxh5 Rxf5 35. Re6 Kg7 36. Rf1 Rxf1+ 37. Bxf1 Kf7 38. Bg2 Kxe6 0-1

[Event "Winnipeg TNT 2020.02"]
[Site "Winnipeg CAN"]
[Date "2020.02.11"]
[Round "2.1"]
[White "Babb, Jeff"]
[Black "Melnyk, Jim"]
[Result "1-0"]
[WhiteElo "2127"]
[BlackElo "1682"]
[PlyCount "43"]
[EventDate "2020.02.04"]
[EventType "swiss"]
[EventRounds "4"]
[EventCountry "CAN"]

1. f4 Nf6 2. Nf3 d5 3. g3 g6 4. Bg2 Bg7 5. d3 O-O 6. O-O c5 7. Qe1 Nc6 8. c3
Re8 9. Na3 e5 10. Nxe5 Nxe5 11. fxe5 Rxe5 12. Bf4 Re7 13. Bg5 Re6 14. Qd2 a6
15. Rf2 Qd6 16. Raf1 Bd7 17. Bh3 Ne4 18. dxe4 Rxe4 19. Bxd7 Qxd7 20. Rxf7 Qc6
21. Bh6 Be5 22. Rf8+ 1-0

[Event "Winnipeg TNT 2020.02"]
[Site "Winnipeg CAN"]
[Date "2020.02.11"]
[Round "2.2"]
[White "Eckert, Ethan"]
[Black "Baron, Gustav"]
[Result "0-1"]
[WhiteElo "1777"]
[BlackElo "2123"]
[PlyCount "118"]
[EventDate "2020.02.04"]
[EventType "swiss"]
[EventRounds "4"]
[EventCountry "CAN"]

1. e4 e5 2. Nf3 Nc6 3. Bb5 f5 4. exf5 e4 5. Qe2 Qe7 6. Bxc6 bxc6 7. Nd4 Nf6 8.
Nc3 Qe5 9. Nf3 Qxf5 10. d3 Bb4 11. Ng5 d5 12. O-O Bxc3 13. bxc3 O-O 14. dxe4
dxe4 15. Qc4+ Qd5 16. Qxd5+ cxd5 17. Ba3 Re8 18. Rfd1 h6 19. Nh3 Bxh3 20. gxh3
Kf7 21. Bc5 a6 22. Rab1 Reb8 23. Rb3 Rb5 24. Bd4 Nh5 25. Be3 c6 26. a4 Rxb3 27.
cxb3 a5 28. Ra1 Ke6 29. b4 axb4 30. cxb4 Ke5 31. a5 d4 32. Bd2 Nf6 33. Rc1 Ra6
34. b5 cxb5 35. Rc5+ Nd5 36. Rxb5 Kd6 37. Rb7 g5 38. Kf1 Nf4 39. h4 Ke5 40.
hxg5 hxg5 41. Rb5+ Nd5 42. Bxg5 d3 43. h4 Kd4 44. Bd2 Rf6 45. Ke1 Rg6 46. Bg5
Kc4 47. Rb8 Ra6 48. Bd2 Rg6 49. Bg5 Nb4 50. Rb6 Rg7 51. Re6 Kd5 52. Rb6 Nc2+
53. Kd2 Nd4 54. Bf6 Nf3+ 55. Kc3 Rc7+ 56. Kb4 Nd2 57. h5 Nc4 58. Rb5+ Ke6 59.
Bd4 d2 0-1

[Event "Winnipeg TNT 2020.02"]
[Site "Winnipeg CAN"]
[Date "2020.02.11"]
[Round "2.3"]
[White "Piche, Zachary"]
[Black "Abioye, Yemi"]
[Result "0-1"]
[WhiteElo "1559"]
[BlackElo "2070"]
[PlyCount "64"]
[EventDate "2020.02.04"]
[EventType "swiss"]
[EventRounds "4"]
[EventCountry "CAN"]

1. Nf3 c6 2. c4 d5 3. d4 Nf6 4. Nc3 e6 5. Bg5 Bb4 6. a3 Bxc3+ 7. bxc3 Qa5 8.
Qc2 Ne4 9. Bd2 Nd7 10. cxd5 cxd5 11. c4 Nxd2 12. Nxd2 Nb6 13. cxd5 Qxd5 14. Qc3
Bd7 15. e4 Qc6 16. Qb4 Rc8 17. Be2 Qc3 18. O-O Qxb4 19. axb4 Rc2 20. Rfd1 Ba4
21. Rxa4 Nxa4 22. Bb5+ Ke7 23. Bxa4 Ra2 24. Bb5 Rb2 25. Nf3 Rxb4 26. Be2 Rc8
27. Bd3 Rc3 28. h3 a5 29. d5 a4 30. Ne5 Rd4 31. d6+ Rxd6 32. Kf1 f6 0-1

[Event "Winnipeg TNT 2020.02"]
[Site "Winnipeg CAN"]
[Date "2020.02.11"]
[Round "2.4"]
[White "Orogun, Ibukun"]
[Black "Ford, Stephen"]
[Result "1-0"]
[WhiteElo "1835"]
[BlackElo "1502"]
[PlyCount "89"]
[EventDate "2020.02.04"]
[EventType "swiss"]
[EventRounds "4"]
[EventCountry "CAN"]

1. e4 c5 2. Nf3 Nc6 3. d4 cxd4 4. Nxd4 Nxd4 5. Qxd4 d6 6. Nc3 Nf6 7. Be2 e6 8.
Be3 a6 9. O-O-O Be7 10. e5 dxe5 11. Qxe5 Bd7 12. Bf3 Qc8 13. g4 O-O 14. g5 Bc6
15. gxf6 Bxf6 16. Qg3 Bxf3 17. Qxf3 Bxc3 18. bxc3 Qxc3 19. Rd3 Qa1+ 20. Kd2
Qxa2 21. Bd4 Qa5+ 22. Bc3 Qg5+ 23. Qe3 Qxe3+ 24. fxe3 Rfd8 25. Rg1 Rxd3+ 26.
Kxd3 g6 27. Bf6 b5 28. Rd1 h5 29. Kc3 a5 30. Rd8+ Rxd8 31. Bxd8 a4 32. Kb4 Kg7
33. Be7 f5 34. Kxb5 Kf7 35. Bb4 e5 36. Kxa4 Ke6 37. Bd2 Kd5 38. Kb4 Kc6 39. h4
Kd6 40. c4 Kc6 41. c5 e4 42. Kc4 g5 43. hxg5 h4 44. Be1 h3 45. Bg3 1-0

[Event "Winnipeg TNT 2020.02"]
[Site "Winnipeg CAN"]
[Date "2020.02.11"]
[Round "2.5"]
[White "Bince, Rolando"]
[Black "Wiebe, Isaac"]
[Result "0-1"]
[WhiteElo "1934"]
[BlackElo "2190"]
[PlyCount "40"]
[EventDate "2020.02.04"]
[EventType "swiss"]
[EventRounds "4"]
[EventCountry "CAN"]

1. d4 d5 2. c4 dxc4 3. Qa4+ c6 4. Qxc4 Nf6 5. Nf3 g6 6. Nc3 Bg7 7. e4 O-O 8.
Be2 Be6 9. Qb4 b5 10. d5 a5 11. Qc5 Na6 12. Qe3 cxd5 13. exd5 Nb4 14. Bd1 Nfxd5
15. Nxd5 Nxd5 16. Qe2 Nb4 17. Qd2 Bc4 18. Be2 Qxd2+ 19. Kxd2 Rfd8+ 20. Ke1 Nc2+
0-1

[Event "Winnipeg TNT 2020.02"]
[Site "Winnipeg CAN"]
[Date "2020.02.11"]
[Round "2.6"]
[White "Rutter, Blair"]
[Black "Boron, Anthony"]
[Result "1/2-1/2"]
[WhiteElo "1912"]
[BlackElo "2021"]
[PlyCount "91"]
[EventDate "2020.02.04"]
[EventType "swiss"]
[EventRounds "4"]
[EventCountry "CAN"]

1. c4 c5 2. g3 g6 3. Bg2 Bg7 4. e4 Nc6 5. Nc3 e6 6. Nge2 Nge7 7. f4 d6 8. O-O
O-O 9. d3 Nd4 10. Be3 Nec6 11. Rb1 Rb8 12. a3 Bd7 13. h3 a6 14. a4 Qa5 15. Bd2
Nb4 16. Nxd4 Bxd4+ 17. Kh2 Qc7 18. Be1 b5 19. axb5 axb5 20. b3 Bg7 21. Ne2 Nc6
22. g4 b4 23. Bg3 Ra8 24. Qd2 Ra3 25. f5 Rfa8 26. f6 Bf8 27. Rb2 e5 28. Bf3
R8a5 29. h4 Qa7 30. h5 Ra2 31. Rfb1 Rxb2 32. Rxb2 Ra1 33. Kg2 Be6 34. Bh4 Qd7
35. Kg3 Qc8 36. hxg6 fxg6 37. Bg5 Nd8 38. Be3 Nf7 39. g5 Qa6 40. Nc1 Ra3 41.
Bd1 Qc8 42. Qh2 Ra7 43. Qh4 Nh8 44. Rf2 Nf7 45. Rh2 Nh8 46. Rb2 1/2-1/2

[Event "Winnipeg TNT 2020.02"]
[Site "Winnipeg CAN"]
[Date "2020.02.11"]
[Round "2.7"]
[White "Green, Jim"]
[Black "Aza-Farje, Marcelo"]
[Result "1-0"]
[WhiteElo "1852"]
[BlackElo "1544"]
[PlyCount "115"]
[EventDate "2020.02.04"]
[EventType "swiss"]
[EventRounds "4"]
[EventCountry "CAN"]

1. e4 e6 2. d4 d5 3. e5 c5 4. b4 c4 5. c3 Bd7 6. Nf3 h6 7. Be2 a5 8. Bd2 axb4
9. cxb4 Qb6 10. Nc3 Ne7 11. a3 Nf5 12. Be3 Qa6 13. O-O Ba4 14. Qd2 Be7 15. Bd1
Bd7 16. Bc2 Nxe3 17. fxe3 b5 18. Qf2 f5 19. exf6 gxf6 20. Qg3 Kd8 21. Qg7 Rf8
22. Qxh6 Qd6 23. Ra2 Bc6 24. Qf4 Qd7 25. Qh6 Kc7 26. Ne5 fxe5 27. Rxf8 Bxf8 28.
Qxf8 Na6 29. Qh6 e4 30. Bd1 Re8 31. Rf2 Re7 32. Qf4+ Kb6 33. Qe5 Rh7 34. Bg4
Nc7 35. Rf6 Qe8 36. h3 Kb7 37. Qd6 Rd7 38. Qf8 Qe7 39. Qxe7 Rxe7 40. Bd1 Ne8
41. Rg6 Nd6 42. g4 Be8 43. Nxd5 Bxg6 44. Nxe7 Bf7 45. h4 Kc7 46. h5 Ne8 47. g5
Bxh5 48. Bxh5 Ng7 49. Bg4 Kd6 50. Ng6 c3 51. Bd1 Nf5 52. Kf2 Kd5 53. Bb3+ Kd6
54. Nf4 e5 55. dxe5+ Kxe5 56. Ne2 Nd6 57. Nxc3 Kf5 58. Bd5 1-0

[Event "Winnipeg TNT 2020.02"]
[Site "Winnipeg CAN"]
[Date "2020.02.11"]
[Round "2.8"]
[White "Ott, Richard"]
[Black "Magyar, Peter"]
[Result "1-0"]
[WhiteElo "1500"]
[BlackElo "1455"]
[PlyCount "43"]
[EventDate "2020.02.04"]
[EventType "swiss"]
[EventRounds "4"]
[EventCountry "CAN"]

1. d4 e6 2. c4 Nf6 3. Nc3 Bb4 4. e3 O-O 5. Bd3 d5 6. Nf3 Ne4 7. Qc2 Bxc3+ 8.
bxc3 Nf6 9. O-O c5 10. cxd5 cxd4 11. Nxd4 Nxd5 12. Bxh7+ Kh8 13. Be4 a6 14. Rd1
Nf6 15. Ba3 Re8 16. Nf3 Qc7 17. Bd6 Qa5 18. Ne5 Nxe4 19. Qxe4 Qxc3 20. Nxf7+
Kg8 21. Be5 Qc6 22. Qg6 1-0

[Event "Winnipeg TNT 2020.02"]
[Site "Winnipeg CAN"]
[Date "2020.02.11"]
[Round "2.9"]
[White "Gregoryanz, Philipp"]
[Black "Wijeweera, Gavin"]
[Result "0-1"]
[WhiteElo "1475"]
[BlackElo "1359"]
[PlyCount "56"]
[EventDate "2020.02.04"]
[EventType "swiss"]
[EventRounds "4"]
[EventCountry "CAN"]

1. e4 e5 2. Nf3 Nc6 3. d4 exd4 4. Nxd4 Nxd4 5. Qxd4 c5 6. Qd1 Nf6 7. Bd3 d5 8.
Bb5+ Bd7 9. Bxd7+ Qxd7 10. e5 Qe6 11. O-O Ng4 12. Bf4 h5 13. h3 g5 14. Bxg5
Nxe5 15. Bf4 O-O-O 16. Re1 f6 17. Nd2 Qf5 18. Bxe5 fxe5 19. Nf3 Bg7 20. Qe2 e4
21. Nd2 Bxb2 22. Rab1 Bd4 23. Rf1 Rhg8 24. g3 Qxh3 25. Nxe4 Rxg3+ 26. Nxg3
Qxg3+ 27. Kh1 Qh3+ 28. Kg1 Rg8+ 0-1

[Event "Winnipeg TNT 2020.02"]
[Site "Winnipeg CAN"]
[Date "2020.02.11"]
[Round "2.10"]
[White "Tiqui, Wilfredo"]
[Black "March, Bob"]
[Result "1-0"]
[WhiteElo "1461"]
[BlackElo "1204"]
[PlyCount "23"]
[EventDate "2020.02.04"]
[EventType "swiss"]
[EventRounds "4"]
[EventCountry "CAN"]

1. e4 e5 2. Bc4 Nf6 3. d4 Qe7 4. Nf3 Qb4+ 5. Nbd2 Nxe4 6. c3 Qa5 7. Nxe4 d5 8.
b4 Bxb4 9. cxb4 Qxb4+ 10. Qd2 Qxc4 11. Nxe5 dxe4 12. Nxc4 1-0

[Event "Winnipeg TNT 2020.02"]
[Site "Winnipeg CAN"]
[Date "2020.02.18"]
[Round "3.1"]
[White "Abioye, Yemi"]
[Black "Babb, Jeff"]
[Result "0-1"]
[WhiteElo "2070"]
[BlackElo "2127"]
[PlyCount "120"]
[EventDate "2020.02.04"]
[EventType "swiss"]
[EventRounds "4"]
[EventCountry "CAN"]

1. e4 d6 2. d4 Nf6 3. Bd3 e5 4. c3 Nc6 5. Ne2 g6 6. O-O Bg7 7. f4 exd4 8. cxd4
O-O 9. Nbc3 Bg4 10. d5 Nd4 11. h3 Bxe2 12. Nxe2 Nxe2+ 13. Qxe2 Re8 14. Qf3 Qe7
15. Bd2 Nxe4 16. Be3 Ng5 17. fxg5 Qxe3+ 18. Kh1 Qxf3 19. Rxf3 Bxb2 20. Rb1 Bd4
21. Rb4 Re1+ 22. Bf1 Bb6 23. Rbf4 Re7 24. h4 Rae8 25. g4 Be3 26. Rc4 Bc5 27.
Rcf4 a6 28. Rb3 Be3 29. Rf3 Bb6 30. a4 Re4 31. a5 Bxa5 32. Rxb7 Rxg4 33. Rb2
Rxh4+ 34. Rh2 Rxh2+ 35. Kxh2 Bd2 36. Bxa6 Bxg5 37. Rc3 Re7 38. Kg2 Bd2 39. Rd3
Ba5 40. Rf3 Kg7 41. Bb5 Bb6 42. Rf4 h5 43. Bd3 Re5 44. Bc4 f5 45. Rf3 Kf6 46.
Rd3 g5 47. Rb3 Kg6 48. Ra3 h4 49. Ra8 Kg7 50. Rd8 g4 51. Rd7+ Kg6 52. Rd8 h3+
53. Kh2 Re1 54. Rg8+ Kf7 55. Ra8 Bg1+ 56. Kg3 Re3+ 57. Kf4 Rf3+ 58. Kg5 Be3+
59. Kh4 h2 60. Ra1 Rh3# 0-1

[Event "Winnipeg TNT 2020.02"]
[Site "Winnipeg CAN"]
[Date "2020.02.18"]
[Round "3.2"]
[White "Baron, Gustav"]
[Black "Orogun, Ibukun"]
[Result "1/2-1/2"]
[WhiteElo "2123"]
[BlackElo "1835"]
[PlyCount "137"]
[EventDate "2020.02.04"]
[EventType "swiss"]
[EventRounds "4"]
[EventCountry "CAN"]

1. e4 e6 2. d4 d5 3. Nc3 h6 4. e5 c5 5. Be3 cxd4 6. Bxd4 Nc6 7. f4 Nge7 8. Nf3
Nf5 9. Bf2 Bb4 10. a3 Ba5 11. b4 Bb6 12. Qd2 Bxf2+ 13. Qxf2 Qb6 14. Qxb6 axb6
15. Bb5 Bd7 16. Kd2 Rc8 17. Bxc6 Rxc6 18. g4 Ne7 19. Nb5 Nc8 20. Rae1 Rc4 21.
Nbd4 Ne7 22. c3 O-O 23. Rhf1 Rfc8 24. Re3 Ra8 25. Ra1 Nc6 26. h4 Ne7 27. h5 Kf8
28. Kd3 Rac8 29. Kd2 Ra8 30. Kc2 g6 31. Kb2 gxh5 32. gxh5 Kg7 33. Rg1+ Kh7 34.
Nh2 Nf5 35. Nxf5 exf5 36. Rf3 Rac8 37. Rd1 Bc6 38. Rf2 Rg8 39. Nf1 Rg4 40. Rd4
Rh4 41. Ne3 Rxd4 42. cxd4 Rxh5 43. b5 Bxb5 44. Nxd5 Rh4 45. Nxb6 Rh3 46. Rd2
Rd3 47. Kc2 Rxa3 48. d5 Ra2+ 49. Kc3 Rxd2 50. Kxd2 Kg6 51. Ke3 h5 52. Kf3 h4
53. Kg2 Kh5 54. Kf3 h3 55. d6 h2 56. Kg2 Kg4 57. Kxh2 Kxf4 58. d7 Bxd7 59. Nxd7
b5 60. Kg2 Ke4 61. Kf2 b4 62. Ke2 f4 63. Nc5+ Kd4 64. Nb3+ Kxe5 65. Kf3 f6 66.
Nc5 Kd5 67. Nb3 Kc4 68. Na5+ Kb5 69. Nb3 1/2-1/2

[Event "Winnipeg TNT 2020.02"]
[Site "Winnipeg CAN"]
[Date "2020.02.18"]
[Round "3.3"]
[White "Wiebe, Isaac"]
[Black "Green, Jim"]
[Result "1-0"]
[WhiteElo "2195"]
[BlackElo "1860"]
[PlyCount "79"]
[EventDate "2020.02.04"]
[EventType "swiss"]
[EventRounds "4"]
[EventCountry "CAN"]

1. e4 e5 2. Nf3 Nf6 3. d4 exd4 4. e5 Ne4 5. Qxd4 d5 6. exd6 Nxd6 7. Bd3 Nc6 8.
Qf4 Be7 9. O-O O-O 10. Nc3 Be6 11. Be3 Re8 12. Rad1 Qc8 13. Ng5 Bf5 14. Nb5
Bxg5 15. Qxg5 Bxd3 16. Nxd6 cxd6 17. Rxd3 Qe6 18. b3 Ne5 19. Rd4 f6 20. Qh5 g6
21. Qd1 Rad8 22. c4 b6 23. Bc1 Nf7 24. Ba3 Qe2 25. Rd2 Qxd1 26. Rfxd1 Re6 27.
Kf1 a5 28. Rd5 Re5 29. Bb2 Rxd5 30. Rxd5 Kg7 31. Rb5 Rb8 32. Bd4 a4 33. Rxb6
Ra8 34. b4 Rc8 35. c5 dxc5 36. Bxc5 Ne5 37. Rb7+ Kh6 38. Ra7 Nd3 39. Be3+ g5
40. Rxa4 1-0

[Event "Winnipeg TNT 2020.02"]
[Site "Winnipeg CAN"]
[Date "2020.02.18"]
[Round "3.4"]
[White "Einarsson, Ken"]
[Black "Furda, Ievgeniia-Diana"]
[Result "1-0"]
[WhiteElo "1789"]
[BlackElo "1625"]
[PlyCount "43"]
[EventDate "2020.02.04"]
[EventType "swiss"]
[EventRounds "4"]
[EventCountry "CAN"]

1. d4 Nf6 2. c4 g6 3. Nc3 Bg7 4. Nf3 d6 5. e4 O-O 6. Be2 Nbd7 7. O-O e5 8. dxe5
Nxe5 9. Nxe5 dxe5 10. Bg5 Be6 11. Qb3 Qd4 12. Be3 Qd7 13. Rad1 Qc6 14. Nd5 Kh8
15. Nxf6 Bxf6 16. f3 a6 17. Rd2 b5 18. Rc1 bxc4 19. Bxc4 Rab8 20. Qa3 Bxc4 21.
Rdc2 Qb6 22. Bxb6 1-0